Регионална библиотека "Любен Каравелов" - Русе

Концерти за две валдхорни и пиано (Запис номер 350283)

MARC детайли
000 -Лидер
Контролно поле с фиксирана дължина ncm a22 a 4500
003 - Код на организацията, давaща контролен номер
Контролно поле BLK
005 - Дата и час на последна редакция
Контролно поле 20200519114354.0
008 - Елементи от данни с фиксирана дължина
fixed length control field 200401b bu ||||| |||| 00| 0 bu d
040 ## - Източник на каталожния запис
Идентификатор на билиотеката - собственик на записа BLK
041 ## - Код за език
Код за езика на текст/звукозапис или на отделно заглавие Български
Код за езика КДБФ Български
080 ## - УДК
Текстов определител УДК Валдхорна
УДК код - определител по УДК 788.42
УДК - код + определител 788.42
080 ## - УДК
Текстов определител УДК Трио
УДК код - определител по УДК 78.087.33
УДК - код + определител 78.087.33
139 ## - Редно поле
Редна дума Концерти за две валдхорни и пиано [Нотирана музика]
Авторски знак Кон - К 81
245 ## - Сведения за заглавието
Заглавие Концерти за две валдхорни и пиано
Редно поле (дума) клавирно извлечение от Стоян Караиванов
Подзаглавни данни [Нотирана музика]
260 ## - Област на издателските данни
9 (RLIN) 209430
Място на издаване, разпространение и проч. София
Име на издателя, разпространителя и проч. Музика
Година на издаване 1978
300 ## - Физическа характеристика
Страници 1 партитура (56 с.)
Размери/Мащаб 34 см
Съпровождащи материали 2 щима (11, 12 с.)
380 ## - Жанр
Жанр Изкуство
500 ## - Общи забележки
Забележка Съдържа: Концерт / Антонио Вивалди. Концерт фа мажор / Георг Фридрих Хендел. Концерт ми-бемол мажор / Георг Филип Телеман
650 #0 - Допълнително описание по предмет – тема
9 (RLIN) 353188
Основно описание – тема или топоним Валдхорна - концерти
700 ## - Други автори (авторска отговорност)
9 (RLIN) 625
Лично име Караиванов, Стоян
Автороска отговорност (Описва отношението между автора и произведението) клав. извлеч.
852 ## - Местоположение
Форматна сигнатура Цб М ІІ 7459
Фондова буква Хранилище
999 ## - СИСТЕМНИ КОНТРОЛНИ НОМЕРА
Koha biblionumber 350283
Koha biblioitemnumber 350283
942 ## - АРТИКУЛИ
Вид на библиотечния материал Нотни издания
Скрит в OPAC Не
Периодичен библиозапис Да
944 ## - СЪЗДАВАНЕ И РЕДАКЦИЯ на ЗАПИСА
Създаване/Редакция Създаване
Дата на регистрацията/редакция 2020-04-01
Статус, дата на статуса 2020-04-01
944 ## - СЪЗДАВАНЕ И РЕДАКЦИЯ на ЗАПИСА
Създаване/Редакция Редакция
Дата на регистрацията/редакция 2020-05-19
Служител, извършил регистрацията/редакцията ГГГ
999 ## - СИСТЕМНИ КОНТРОЛНИ НОМЕРА
Koha biblioitemnumber 350283
999 ## - СИСТЕМНИ КОНТРОЛНИ НОМЕРА
Koha biblioitemnumber 350283
999 ## - СИСТЕМНИ КОНТРОЛНИ НОМЕРА
Koha biblioitemnumber 350283
999 ## - СИСТЕМНИ КОНТРОЛНИ НОМЕРА
Koha biblioitemnumber 350280
999 ## - СИСТЕМНИ КОНТРОЛНИ НОМЕРА
Koha biblioitemnumber 350280
999 ## - СИСТЕМНИ КОНТРОЛНИ НОМЕРА
Koha biblioitemnumber 350276
999 ## - СИСТЕМНИ КОНТРОЛНИ НОМЕРА
Koha biblioitemnumber 350275
999 ## - СИСТЕМНИ КОНТРОЛНИ НОМЕРА
Koha biblioitemnumber 350265
999 ## - СИСТЕМНИ КОНТРОЛНИ НОМЕРА
Koha biblioitemnumber 350260
999 ## - СИСТЕМНИ КОНТРОЛНИ НОМЕРА
Koha biblioitemnumber 350259
999 ## - СИСТЕМНИ КОНТРОЛНИ НОМЕРА
Koha biblioitemnumber 350256
Наличности
Код за отписване Код за изгубен артикул Източник на класификационната схема Код за повреда Коз за рестрикции Код за отдаване Артикулен № Име на библиотеката - собственик Име на библиотеката, в която се намира в момента Статус (Текущо местоположение) Дата на вписване в системата Местоположение - отдел Цена в лева Инвентарен номер Систематично азбучна сигнатура Баркод Цена в евро Служебен тип на артикула
  Не е изгубен Universal Decimal Classification Не е повреден без рестрикции заемане за дома 757641 Регионална библиотека "Любен Каравелов" Русе Регионална библиотека "Любен Каравелов" Русе Отдел Изкуство - подръчен фонд 2020-04-02 Отдел Изкуство - подръчен фонд 3.58 263419 788/К 81 120000263419 1.83 Нотни издания
  Не е изгубен Universal Decimal Classification Не е повреден само за читалня ползва се в читалня 770728 Регионална библиотека "Любен Каравелов" Русе Регионална библиотека "Любен Каравелов" Русе Хранилище 2020-05-20 Хранилище 3.58 259133 Цб М ІІ 7459 900000010278 1.83 Нотни издания
Vip Innovations Ltd, Rousse, Bulgaria 2025